000 00696nam a22002057a 4500
003 UA-OsUOA
001 39935
007 ta
008 20080521b un ||||| |||| 00| 0 ukr d
090 _a050
_bИ99
942 _cMG
040 _aUA-OsUOA
_bukr
_cUA-OsUOA
_dUA-OsUOA
245 _aІндекс вістей Братствва колишніх вояків УДУНА за роки 1950 -1974(ч. 1-140)
955 _a4
041 _aukr
080 _a050
260 _aТоронто
650 7 _a050 Серійні публікації. Періодика галузі, Організація та інші типи поєднання (співробітництва)
_2UDC
999 _c438444
_d438444